00318pab a2200121 454500008004000000100002100040245007300061260000900134300001300143362001100156650001400167773001500181180718b2009 xxu||||| |||| 00| 0 eng d aRoy Burman, B.K. aWhat has driven the tribals of central India to political extremism? c2009 ap.11-26. a17 Oct aTerrorism aMainstream